000 01387nam a22003257a 4500
003 OSt
005 20260309015324.0
008 260308b |||||||| |||| 00| 0 eng d
040 _aCvSU-CCAT Campus Library.
_bEnglish.
_cCvSU-CCAT Campus Library.
_erda.
050 _aUM HD 62.7
_bG38 2024
100 _aGatoc, Andrea Lei, author
_919086
245 _aTwistastics food stall: enterprise development project /
_cAndrea Lei Gatoc, Daisy Caxandra G. Rioto, Aristotle A. Samontina.
260 _aRosario, Cavite :
_bCavite State University-CCAT Campus,
_c2024
300 _axv, 76 leaves :
_billustrations ;
_c28 cm
500 _aEnterprise Development Project (BSBA) -- Cavite State University-CCAT Campus, 2024.
504 _aIncludes bibliographical references.
546 _aIn English text.
650 _aEntrepreneurship
_9136
650 _aSmall business -- Management
_98827
650 _aFood Service -- Management
_928
650 _aBusiness planning
_9154
650 _aFeasibility studies
_9649
650 _aStreet food vendors -- Philippines
_919087
700 _aRioto, Daisy Caxandra G., author.
_919088
700 _aSamontina, Aristotle A., author.
_919089
700 _aAbad, Juvie B., adviser.
_96672
700 _aSolis, Gerico G., technical critic.
_918399
942 _2lcc
_cT/M/D
_hHD 62.7 G38 2024
_kUM
999 _c4838
_d4838